00611nam a22002177a 450000500170000001000130001702000220003003500130005203700160006504000120008108200160009310000180010924500730012726000470020027000380024730000200028550000360030565000080034165000380034965000060038720170124105911.0 aA-573562 c00.00a8171004334 aA-573562 bCen Lib/Ret aDPLbEN a340.59bQUR aQureshi, M.A. aMuslim law of marriage divorse and maintenance /cby M. A. Qureshi  aNew DelhibDeep & Deep publications c1992 aF-159, Rajouri Garden bNew Delhi a455p.c20cm(Hb) aIncludes bibliography and index aLaw aMuslim marriage and divorce xLaw v